00882nam a22002537a 45000010005000000030006000050050017000110080041000280200018000690400029000870500008001160820010001241000037001342450089001712600049002603000056003094900041003655050007004065200103004135210027005165210018005436500034005617000033005959723FISKH20260130115747.0260130b cb ||||| |||| 00| 0 eng d a9780062086532 aFISKHbengcFISKHdFISKH aPZ7 a636.7 aCapucilli, Alyssa Satin eAuthor aBiscuit and the hay /cWritten by Alyssa Satin Capucilli ; pictures by Pat Schories  aNew York :bHarperCollins Publishers ,c2013 a12 unnumbered pages :bcolor illustrations ;c13 cm aI can read! Phonics :vBook 2 long a aE  aIn this story you will learn about the long a sound. Can you find these words and sound them out? 8 a200 bLexile estimate 8 aE bRaz-Plus  aVowel sounds vEarly readers  aSchories, Pat eIllustrator